The digital producer: getting it done with computer-based tools. (Record no. 40186)

MARC details
000 -LEADER
fixed length control field 00904nam a2200217 a 4500
008 - FIXED-LENGTH DATA ELEMENTS--GENERAL INFORMATION
fixed length control field 090302s2000 ||||||||||||||||| || u
020 ## - INTERNATIONAL STANDARD BOOK NUMBER
International Standard Book Number 0240803957
050 ## - LIBRARY OF CONGRESS CALL NUMBER
Classification number TR 899 Poo
100 ## - MAIN ENTRY--PERSONAL NAME
Personal name Feldam, Ellen, 1948-
245 14 - TITLE STATEMENT
Title The digital producer: getting it done with computer-based tools.
Statement of responsibility, etc. by Curtis Poole, Ellen Feldman
260 ## - PUBLICATION, DISTRIBUTION, ETC.
Place of publication, distribution, etc. Boston
Name of publisher, distributor, etc. Focal Press
Date of publication, distribution, etc. 2000
300 ## - PHYSICAL DESCRIPTION
Extent xvii, 345p.: ill. + CD-ROM
350 ## - PRICE (NR) (BK AM CF MU VM SE) [OBSOLETE]
Price 0.00
500 ## - GENERAL NOTE
General note Accompanied by CD-ROM, available in the Cybrary.
650 ## - SUBJECT ADDED ENTRY--TOPICAL TERM
Topical term or geographic name entry element VIDEO TAPES--EDITING--DATA PROCESSING
650 ## - SUBJECT ADDED ENTRY--TOPICAL TERM
Topical term or geographic name entry element MEDIA
650 ## - SUBJECT ADDED ENTRY--TOPICAL TERM
Topical term or geographic name entry element MOTION PICTURES--EDITING--DATA PROCESSING
650 ## - SUBJECT ADDED ENTRY--TOPICAL TERM
Topical term or geographic name entry element VIDEO RECORDING--PRODUCTION AND DIRECTION--DATA PROCESSING
700 ## - ADDED ENTRY--PERSONAL NAME
Personal name Poole, Curtis, 1958-
995 ## - RECOMMENDATION 995 [LOCAL, UNIMARC FRANCE]
-- 0.00
-- CBU-MAIN LIBRARY (Kitwe)
-- 1
-- 0.00
-- 1
-- AVAILABLE
-- Mar 30, 2009
-- Main Library Open Access Collection
Holdings
Withdrawn status Lost status Source of classification or shelving scheme Damaged status Not for loan Home library Current library Shelving location Date acquired Total Checkouts Full call number Barcode Date last seen Price effective from Koha item type
          CBU-MAIN LIBRARY, KITWE. CBU-MAIN LIBRARY, KITWE.   11/30/2022   TR 899 Poo 739687 11/30/2022 11/30/2022 MONOGRAPH